Physical geology. (Record no. 35076)

MARC details
000 -LEADER
fixed length control field 01079cam a2200313 a 4500
001 - CONTROL NUMBER
control field 17014193
003 - CONTROL NUMBER IDENTIFIER
control field OSt
005 - DATE AND TIME OF LATEST TRANSACTION
control field 20220418114406.0
008 - FIXED-LENGTH DATA ELEMENTS--GENERAL INFORMATION
fixed length control field 111021s2013 nyuab 001 0 eng
010 ## - LIBRARY OF CONGRESS CONTROL NUMBER
LC control number 2011043867
020 ## - INTERNATIONAL STANDARD BOOK NUMBER
International Standard Book Number 9780073369389 (hard copy : alk. paper)
020 ## - INTERNATIONAL STANDARD BOOK NUMBER
International Standard Book Number 0073369381 (hard copy : alk. paper)
040 ## - CATALOGING SOURCE
Original cataloging agency DLC
Transcribing agency HU
Modifying agency DLC
042 ## - AUTHENTICATION CODE
Authentication code pcc
050 00 - LIBRARY OF CONGRESS CALL NUMBER
Classification number QE28.2
Item number .P58 2013
082 00 - DEWEY DECIMAL CLASSIFICATION NUMBER
Classification number 551 PLU 2013
Edition number 23
100 1# - MAIN ENTRY--PERSONAL NAME
Personal name Plummer, Charles C.,
Dates associated with a name 1937-
9 (RLIN) 16080
245 10 - TITLE STATEMENT
Title Physical geology.
250 ## - EDITION STATEMENT
Edition statement 14th ed. /
Remainder of edition statement Charles C. Plummer, Diane H. Carlson, Lisa Hammersley.
260 ## - PUBLICATION, DISTRIBUTION, ETC.
Place of publication, distribution, etc. New York :
Name of publisher, distributor, etc. McGraw-Hill,
Date of publication, distribution, etc. c2013.
300 ## - PHYSICAL DESCRIPTION
Extent xxiv, 635 p., [30] p. :
Other physical details ill. (chiefly col.), col. maps ;
Dimensions 28 cm.
500 ## - GENERAL NOTE
General note Includes index.
650 #0 - SUBJECT ADDED ENTRY--TOPICAL TERM
Topical term or geographic name entry element Physical geology
Form subdivision Textbooks.
9 (RLIN) 26439
700 1# - ADDED ENTRY--PERSONAL NAME
Personal name Carlson, Diane H.
9 (RLIN) 7913
700 1# - ADDED ENTRY--PERSONAL NAME
Personal name Hammersley, Lisa.
9 (RLIN) 26440
906 ## - LOCAL DATA ELEMENT F, LDF (RLIN)
a 7
b cbc
c orignew
d 1
e ecip
f 20
g y-gencatlg
942 ## - ADDED ENTRY ELEMENTS (KOHA)
Source of classification or shelving scheme Dewey Decimal Classification
Koha item type Books like text book referance book
Suppress in OPAC No
Holdings
Withdrawn status Lost status Source of classification or shelving scheme Damaged status Not for loan Collection code Home library Current library Shelving location Date acquired Total Checkouts Full call number Barcode Date last seen Copy number Price effective from Koha item type
    Dewey Decimal Classification     Reference Wondo Genet Library Wondo Genet Library General Stacks 04/18/2022   551 PLU 2013 WGCFNRL00019462 04/18/2022 1 04/18/2022 Books like text book referance book